| 000 | 00887nam a22002057a 4500 | ||
|---|---|---|---|
| 999 |
_c370985 _d370985 |
||
| 008 | 201130b ||||| |||| 00| 0 eng d | ||
| 040 |
_bger _cSTAFF _erda _aSTAFF |
||
| 100 | _aWeber-Rath, Ines | ||
| 245 |
_aKita-Köchin fährt mit dem E-Lastenrad einkaufen. _bUmwelt: Die Evangelische Kirchengemeinde Frankfurt (Oder)-Lebus setzt derzeit mehrere Klimaschutzprojekte um, vor allem in ihren Frankfurter Kitas./ _cInes Weber-Rath |
||
| 653 | _aFrankfurt (Oder) | ||
| 653 | _aEvangelische Kirchengemeinde Frankfurt (Oder) - Lebus | ||
| 653 | _aKlima / Umweltschutz | ||
| 653 | _aEvangelischer Kindergarten | ||
| 653 | _aLastenfahrrad | ||
| 773 |
_dFrankfurt (Oder): Märkisches Verlags- und Druckhaus GmbH & Co KG _g32. Jahrgang (2021) Nr. 244 vom 19.10.2021, S. 15 _tMärkische Oderzeitung |
||
| 942 | _cA | ||